Gitanjali : (Record no. 82176)

MARC details
000 -LEADER
fixed length control field 00654nam a22001817a 4500
005 - DATE AND TIME OF LATEST TRANSACTION
control field 20140421123731.0
010 ## - LCCN (DPL NO)
LC control number ENG-109180
020 ## - INTERNATIONAL STANDARD BOOK NUMBER
International Standard Book Number 9788128019258
Terms of availability 80.00
035 ## - SYSTEM CONTROL NUMBER
System control number EN-92713
037 ## - SOURCE OF ACQUISITION
Source of stock number/acquisition DBAD/PUB
082 ## - DEWEY DECIMAL CLASSIFICATION NUMBER
Classification number 863.1
100 ## - MAIN ENTRY--PERSONAL NAME
Personal name Tagore,Rabindranath
245 ## - TITLE STATEMENT
Title Gitanjali :
Statement of responsibility, etc by Rabindranath Tagore
Remainder of title song offerings : a collection of prose translations made by the author from the original Bengali with an introduction by W.B. Yeats /
260 ## - PUBLICATION, DISTRIBUTION, ETC. (IMPRINT)
Name of publisher, distributor, etc Sapna Book House
Date of publication, distribution, etc 2012
Place of publication, distribution, etc Bangalore
270 ## - ADDRESS
City Bangalore
Postal code 560009
Address 3rd Main Road, Gandhinagar
300 ## - PHYSICAL DESCRIPTION
Extent 115p.
Dimensions 22cm(pbk)
942 ## - ADDED ENTRY ELEMENTS (KOHA)
Source of classification or shelving scheme Dewey Decimal Classification
Item type English Books
Call number suffix TAG
Classification part 863.1
Holdings
Withdrawn status Lost status Not for loan Collection code Home library Current library Date acquired Source of acquisition Cost, normal purchase price Full call number Barcode Copy number Cost, replacement price Koha item type
    Not For Loan Non-fiction D.B.Act.Division D.B.Act.Division 27/01/2014 DBAD/PUB 80.00 863.1 TAG EN-92713 1 80.00 English Books

© Delhi Public Library
Hit Counter
free hit counter